| 000 | 00360nam a2200145Ia 4500 | ||
|---|---|---|---|
| 008 | 231030s9999 xx 000 0 und d | ||
| 020 | _a9.7801980646e+12 | ||
| 082 | _bSEE-O | ||
| 100 | _aSEELY JOHN | ||
| 245 | 0 | _aOXFORD A-Z OF GRAMMAR AND PUNCTUATION | |
| 250 | _aINDIAN | ||
| 260 |
_aDELHI _bOXFORD UNIVERSITY PRESS _c2010 |
||
| 300 | _a148 | ||
| 942 | _cDB | ||
| 999 |
_c42174 _d42174 |
||